All Knives in CS:GO - Statistics

General Stats
  • This quiz has been taken 166 times
  • The average score is 16 of 19
Answer Stats
Picture Answer % Correct
Butterfly
98%
Karambit
96%
Bayonet
95%
Flip
92%
Huntsman
92%
Gut
91%
Classic
89%
M9 Bayonet
89%
Shadow Daggers
89%
Bowie
88%
Navaja
88%
Talon Knife
88%
Stiletto
86%
Skeleton
85%
Falchion
82%
Ursus
80%
Survival Knife
76%
Paracord
73%
Nomad
68%
No matching quizzes found
Score Distribution
Percent of People with Each Score
Percentile by Number Answered
Your Score History
You have not taken this quiz